000
00299nam a22001337a 4500
020
_a
978-93-87911-35-2
082
_a
894.812.3
_b
SAS/K
100
_a
SHAKESPEARE,WILLIAM
245
_a
KING LEAR
260
_a
THRISSUR
_b
H&C BOOKS
_c
2019
300
_a
48
650
_a
MORAL STORY
_z
KERALA
942
_c
BK
999
_c
7088
_d
7088